| 000 | 01144nam a2200253Ia 4500 | ||
|---|---|---|---|
| 001 | 20465 | ||
| 003 | GE_BSU | ||
| 008 | 181216s||||||||xx |||||||||||||| ||und|| | ||
| 040 | _cGE_BSU | ||
| 080 | _a811.353'373.2 | ||
| 245 | _aქართველური ონომასტიკა. კრ. 1 | ||
| 245 | _cრედ.: პაატა ცხადაია | ||
| 250 | _aთსუ-ს ახალი ქართული ენის კათედრასთან არსებ. ფარნაოზ ერთელიშვილის სახ. ონომასტიკის სამეცნ.-კვლევ. ლაბორატორია | ||
| 260 | _aთბილისი | ||
| 260 | _bუნ-ტის გამ-ბა | ||
| 260 | _c1998 | ||
| 300 | _a250 გვ. 20 სმ | ||
| 300 | _eბიბლიოგრ. სტატიების ბოლოს. | ||
| 541 | _h8ლ.50თ. | ||
| 653 | _aერთელიშვილი ფარნაოზ | ||
| 653 | _aქართველური ონომასტიკა. კრ. 1 | ||
| 653 | _aქსეროქსი | ||
| 942 | _cBK | ||
| 999 |
_c53422 _d53422 |
||